000 00565cam a22002291 4500
001 6514046
005 20180112035710.0
008 750825s1955 xx 000 0 eng
010 _a 54011315
035 _a(OCoLC)1570776
040 _aDLC
_cFM
_dOCoLC
_dDLC
041 _aeng
042 _apremarc
080 _a631.8
082 _a631.8 COL
100 1 _a9
101 _aMJE
245 1 0 _aCommercial fertilizers, their sources and use.
504 _aIncludes bibliography
906 _a7
_bcbc
_coclcrpl
_du
_encip
_f19
_gy-gencatlg
942 _2ddc
_cBK
999 _c40163
_d40163